The scope of an MOT test for buildings (Record no. 111921)

MARC details
000 -LEADER
fixed length control field 01402cad a22002175a 4500
001 - CONTROL NUMBER
control field L152206
008 - FIXED-LENGTH DATA ELEMENTS--GENERAL INFORMATION
fixed length control field 110210s2010 xxk f 000 0 eng d
020 ## - INTERNATIONAL STANDARD BOOK NUMBER
International Standard Book Number 9781409826873
035 ## - SYSTEM CONTROL NUMBER
System control number (Sirsi) u152206
041 0# - LANGUAGE CODE
Language code of text/sound track or separate title eng
110 2# - MAIN ENTRY--CORPORATE NAME
Corporate name or jurisdiction name as entry element United Kingdom
Subordinate unit Department for Communities and Local Government
9 (RLIN) 4939
245 04 - TITLE STATEMENT
Title The scope of an MOT test for buildings
Medium [electronic resource]
260 ## - PUBLICATION, DISTRIBUTION, ETC.
Place of publication, distribution, etc. London
Name of publisher, distributor, etc. DCLG
Date of publication, distribution, etc. 2010
520 ## - SUMMARY, ETC.
Summary, etc. The Centre for Infrastructure Management (CIM) at Sheffield Hallam University was commissioned by the Department for Communities and Local Government (DCLG) to conduct a scoping study into the possible development of an MOT test for buildings. The overall aim was to determine if a test could be developed to ensure that the objectives of the Building Regulations were achieved and retained throughout the life of a building. A high calibre Stakeholders' Group, covering all building disciplines, was convened which strongly reflected industrial opinion in developing the MOT structure. RICS is represented in the Steering Group.
590 ## - LOCAL NOTE (RLIN)
Local note KA NTK
651 #4 - SUBJECT ADDED ENTRY--GEOGRAPHIC NAME
Geographic name United Kingdom
Chronological subdivision
690 ## - LOCAL SUBJECT ADDED ENTRY--TOPICAL TERM (OCLC, RLIN)
Topical term or geographic name as entry element Building regulations
9 (RLIN) 6224
710 1# - ADDED ENTRY--CORPORATE NAME
Corporate name or jurisdiction name as entry element Sheffield Hallam University
Subordinate unit Centre for Infrastructure Management
9 (RLIN) 5913
856 40 - ELECTRONIC LOCATION AND ACCESS
Uniform Resource Identifier <a href="https://www.communities.gov.uk/documents/corporate/pdf/1832157.pdf">https://www.communities.gov.uk/documents/corporate/pdf/1832157.pdf</a>
Public note View this item free of charge at www.communities.gov.uk
942 ## - ADDED ENTRY ELEMENTS (KOHA)
Suppress in OPAC 0
Holdings
Withdrawn status Lost status Source of classification or shelving scheme Damaged status Not for loan Home library Current library Shelving location Date acquired Total Checkouts Full call number Barcode Date last seen Copy number Price effective from Koha item type
    Dewey Decimal Classification     Virtual Virtual Online 10/02/2011   ONLINE PUBLICATION 152206-2001 06/08/2019 1 06/08/2019 Book